000 00609nam a22001937a 4500
005 20151127160731.0
010 _aENG-114119
020 _c495.00
_a9789350356074
035 _aEN-97651
037 _bDBAD/PUB
082 _a328.54
100 _a Rama Jois, M.
245 _aOur parliament /
_bby M. Rama Jois ; foreworded by Arun Jaitley
260 _aGurgaon
_bUniversal Law Publishing
_c2015
270 _a14th Floor, Building No 10, Tower -B, DLFCyber City, Phase-II
_bGurgaon
_e122002
300 _axiv,310p.
_c24cm(pbk)
700 _aJaitley, Arun
942 _2ddc
_cEN
_mRAM
_h328.54
999 _c97226
_d97226